000 00724cab a2200217 4500
001 WB3419-15
008 090401t1998 xxu||||| |||| 00| 0 eng d
035 _a(Sirsi) u86345
041 _aeng
245 _aFunds deny property retreat
260 _c1998
350 _a0
490 _aEstates Gazette
_v(9820) 16 May 1998, 41(1)
520 _aInvestment Bank Merrill Lynch`s survey of 73 UK based fund managers claiming UK institutions are disinvesting from property in favour of buying gilts is criticised by leading fund managers.
650 _aFUND MANAGERS
650 _aINSTITUTIONAL INVESTORS
650 _aYIELDS
690 _aPROPERTY-PROPERTY FINANCE AND INVESTMENT
942 _n0
948 _c21/05/1998
999 _c54337
_d54337